000 00623nam a22001817a 4500
003 UA-OsUOA
001 9442
007 ta
008 20041104b un ||||| |||| 00| 0 ukr d
100 _aОниськів М.
942 _cSA
040 _aUA-OsUOA
_cUA-OsUOA
_dUA-OsUOA
245 _aБогом даний провидець : Профіль Богдана Кравцова : [ Про Б. Кравцова, поета, літературознавця, видавця]
300 _aС.7
955 _a0
773 0 _w0
_tЛітературна Украіна
_dКиїв
_d2004
_g№42
650 7 _aКравцова Б.
_2UDC
999 _c295603
_d295603